| 000 | 00596nam a22002057a 4500 | ||
|---|---|---|---|
| 003 | OSt | ||
| 005 | 20220107122859.0 | ||
| 008 | 201009b xxu||||| |||| 00| 0 eng d | ||
| 020 | _a9783030237806 | ||
| 040 | _cIIITMK | ||
| 082 | _a621.3815 HAL/A | ||
| 100 |
_aHalak, Basel (Ed.) _918186 |
||
| 245 |
_aAgeing of integrated circuits: _bCauses, effects and mitigation techiques |
||
| 260 |
_aSwitzerland, _bSpringer, _c2020 |
||
| 300 | _axiii, 228p. | ||
| 650 |
_aELECTRONICS/ ELECTRICAL ENGINEERING _918187 |
||
| 650 |
_aINTEGRATED CIRCUITS _918188 |
||
| 650 |
_aAGEING _918189 |
||
| 942 |
_2ddc _cBK |
||
| 999 |
_c6778 _d6778 |
||